000 00638nam a2200241Ia 4500
003 OSt
005 20221006144039.0
006 a|||||r|||| 00| 0
007 ta
008 221006b |||||||| |||| 00| 0 eng d
020 _c
_47.45(each)
024 _a10,738
037 _cTextual
040 _aEASL
_cEASL
_beng
041 _2eng
_aeng
082 _aW691.41.N8, M4;1
100 _aYIN John
_9121122
245 0 _aGovernment of socialist China
260 _aLanham
_bUniversity Press of America
_c1984
300 _a564p.
_ccm.
942 _hW691.41.N8, M4;1
_cTEXL
_2CC
999 _c1078824
_d1078824